000 00503nam a22001577a 4500
008 200827b ||||| |||| 00| 0 eng d
020 _a9789388818292
050 _aQA 276.6 .S52 2020
100 _aSingh, Daroga
245 _aTheory and analysis of sample survey designs /
_cDaroga Singh
250 _a2nd ed
260 _aNew Delhi:
_bNew Age International,
_c2020.
300 _axi,380p. :
_bill. ;
_c24cm.
521 _aIncludes index.
942 _2lcc
_cBOOKS
_hQA 276.6 .S52 2020
999 _c30670
_d30670